[Event "Transnational Crown"]
[Site "Montreal CAN"]
[Date "2023.06.07"]
[Round "2.10"]
[White "Ortiz Suarez, Isan Reynaldo"]
[Black "Heimann, Mark"]
[Result "0-1"]
[WhiteElo "2503"]
[BlackElo "2426"]
[PlyCount "82"]
[EventDate "2023.06.06"]
[EventType "swiss"]
[EventRounds "9"]
[EventCountry "CAN"]

1. e4 e6 2. d4 d5 3. Nc3 Nf6 4. e5 Nfd7 5. f4 c5 6. Nf3 Nc6 7. Be3 Qb6 8. Na4
Qa5+ 9. c3 b6 10. a3 c4 11. b4 cxb3 12. Qxb3 Ba6 13. Nb2 Rc8 14. Kf2 Bxf1 15.
Rhxf1 Be7 16. c4 dxc4 17. Qxc4 O-O 18. Bd2 b5 19. Qd3 Qd8 20. Be3 a6 21. f5
exf5 22. Qxf5 Nb6 23. Kg1 Qd5 24. Bf2 Qe6 25. Qe4 Qg6 26. Qe2 Nd5 27. Nd3 Na5
28. Be1 Nc4 29. Rf2 Nxa3 30. Bd2 Rc2 31. Nfe1 Rc7 32. Qf3 Rd7 33. Nf4 Nxf4 34.
Bxf4 Rxd4 35. Bg3 b4 36. Qb7 Bc5 37. Kh1 Qh6 38. Qf3 a5 39. Re2 b3 40. Rb2 a4
41. Nd3 Nc4 0-1

[Event "Transnational Crown"]
[Site "Montreal CAN"]
[Date "2023.06.07"]
[Round "2.11"]
[White "Han, Johnathan"]
[Black "Bruzon Batista, Lazaro"]
[Result "0-1"]
[WhiteElo "2140"]
[BlackElo "2617"]
[PlyCount "114"]
[EventDate "2023.06.06"]
[EventType "swiss"]
[EventRounds "9"]
[EventCountry "CAN"]

1. e4 e6 2. d4 d5 3. Nc3 Nf6 4. e5 Nfd7 5. f4 c5 6. Nf3 Nc6 7. Be3 Be7 8. Be2
O-O 9. O-O f6 10. exf6 Nxf6 11. Ne5 cxd4 12. Bxd4 Nxd4 13. Qxd4 Qc7 14. Kh1 a6
15. Bf3 b5 16. Qd2 Bb7 17. Rae1 Rad8 18. Nd3 b4 19. Ne2 Ne4 20. Qe3 Bf6 21. Nd4
Qd6 22. Nb3 Bh4 23. Re2 Bc6 24. Qd4 Be7 25. Rfe1 Kh8 26. Nd2 Qc7 27. Qg1 a5 28.
Qe3 d4 29. Qg1 Nxd2 30. Bxc6 Nc4 31. Rxe6 Bd6 32. Bf3 Ne3 33. Re4 Bxf4 34. Nxf4
Rxf4 35. Rxf4 Qxf4 36. c3 Nf5 37. cxd4 Nxd4 38. Qe3 Qxe3 39. Rxe3 g6 40. Rd3
Kg7 41. g3 Kf6 42. Kg2 Ke5 43. Re3+ Kd6 44. Rd3 Kc5 45. Re3 Rf8 46. Re5+ Kb6
47. Be4 Rf6 48. h4 Rd6 49. Rd5 Rxd5 50. Bxd5 Kc5 51. Bg8 h6 52. Bf7 g5 53. hxg5
hxg5 54. Kh3 Nf3 55. a3 Ne5 56. Bg8 Kd4 57. axb4 axb4 0-1

[Event "Transnational Crown"]
[Site "Montreal CAN"]
[Date "2023.06.07"]
[Round "2.12"]
[White "Liang, Awonder"]
[Black "Jaferian, Koosha"]
[Result "1-0"]
[WhiteElo "2651"]
[BlackElo "2201"]
[PlyCount "139"]
[EventDate "2023.06.06"]
[EventType "swiss"]
[EventRounds "9"]
[EventCountry "CAN"]

1. c4 c5 2. Nf3 g6 3. Nc3 Bg7 4. g3 Nc6 5. Bg2 e5 6. O-O d6 7. a3 a5 8. d3 Nge7
9. Rb1 O-O 10. Ne1 Be6 11. Nd5 Rb8 12. Nc2 b5 13. Bd2 a4 14. Nce3 Nd4 15. Re1
Nxd5 16. Bxd5 Nb3 17. cxb5 Rxb5 18. Bc6 Nxd2 19. Qxd2 Ra5 20. Nd5 Ra7 21. Nc3
Bb3 22. Bd5 Qb6 23. h4 Bxd5 24. Nxd5 Qb3 25. e4 f5 26. Qc3 Rb8 27. Qc4 fxe4 28.
Qxe4 Rf7 29. Re2 Rbf8 30. Nc3 Ra7 31. Kg2 Qf7 32. Rf1 Rd8 33. Nd5 Qe6 34. h5
gxh5 35. f4 Qg4 36. f5 Rb8 37. Rff2 Qxe4+ 38. dxe4 Bh6 39. Rc2 Rab7 40. Rc4 Ra7
41. Re2 Rb3 42. Nc3 Bc1 43. Nxa4 Be3 44. Rc3 Rxc3 45. Nxc3 Bd4 46. Nd5 Kf7 47.
Kh3 Rb7 48. b4 Ra7 49. Ra2 cxb4 50. Nxb4 Bc5 51. Nd5 Ra4 52. Rb2 Rxe4 53. Rb7+
Kf8 54. Rxh7 Ra4 55. Nc7 Rxa3 56. Ne6+ Ke8 57. f6 Ra7 58. Rh8+ Kf7 59. Nxc5
Kxf6 60. Ne4+ Ke6 61. Rh6+ Kd5 62. Nf6+ Kd4 63. Rxh5 d5 64. g4 Ra3+ 65. Kh4 Rf3
66. Rf5 Rxf5 67. gxf5 e4 68. Ng4 e3 69. Nxe3 Kxe3 70. f6 1-0

[Event "Transnational Crown"]
[Site "Montreal CAN"]
[Date "2023.06.07"]
[Round "2.13"]
[White "Lee, Alice"]
[Black "Neiksans, Arturs"]
[Result "1-0"]
[WhiteElo "2390"]
[BlackElo "2605"]
[PlyCount "109"]
[EventDate "2023.06.06"]
[EventType "swiss"]
[EventRounds "9"]
[EventCountry "CAN"]

1. d4 Nf6 2. c4 e6 3. Nf3 b6 4. g3 Ba6 5. Qc2 c5 6. d5 exd5 7. cxd5 Bb7 8. Bg2
Nxd5 9. O-O Be7 10. Ne5 Qc7 11. Qe4 Nc6 12. Qxd5 Nd8 13. Qxd7+ Qxd7 14. Nxd7
Bxg2 15. Kxg2 Kxd7 16. Rd1+ Kc6 17. Nc3 Ne6 18. Nd5 Bd6 19. Be3 Rad8 20. Rd2
Rd7 21. f4 f5 22. Rc1 Rhd8 23. Nb4+ Kb7 24. Nd3 Be7 25. h3 Bf6 26. Rdc2 Rd5 27.
g4 g6 28. b4 cxb4 29. Nxb4 R5d6 30. g5 Bg7 31. Nc6 R8d7 32. Kf3 Rd1 33. Rxd1
Rxd1 34. Nb4 Rf1+ 35. Kg2 Rb1 36. Nd3 a5 37. Rd2 Rb5 38. Kf3 Nc7 39. Bf2 Nd5
40. Nc5+ Kc6 41. Ne6 Bc3 42. Rd3 a4 43. Bd4 Bb4 44. Be5 Ra5 45. e4 fxe4+ 46.
Kxe4 Be7 47. Nd4+ Kd7 48. Nc2 Ke6 49. Nd4+ Kd7 50. f5 Nb4 51. Rd1 Rd5 52. f6
Bc5 53. a3 Na2 54. Rd3 Nc1 55. Rf3 1-0

[Event "Transnational Crown"]
[Site "Montreal CAN"]
[Date "2023.06.07"]
[Round "2.15"]
[White "Vidyarthi, Vyom"]
[Black "Msellek, Ilyass"]
[Result "0-1"]
[WhiteElo "2436"]
[BlackElo "2405"]
[PlyCount "62"]
[EventDate "2023.06.06"]
[EventType "swiss"]
[EventRounds "9"]
[EventCountry "CAN"]

1. c4 e6 2. Nf3 d5 3. e3 Nf6 4. Nc3 Bd6 5. b3 O-O 6. Bb2 Re8 7. Qc2 c5 8. cxd5
exd5 9. Bb5 Nc6 10. Bxc6 bxc6 11. Na4 Ne4 12. Rc1 d4 13. d3 Ng5 14. e4 f5 15.
Nxg5 Qxg5 16. O-O Qh6 17. g3 f4 18. Nxc5 f3 19. Qc4+ Kh8 20. Qxd4 Bg4 21. Qxg7+
Qxg7 22. Bxg7+ Kxg7 23. Nb7 Ba3 24. Rxc6 Rac8 25. Ra6 Bh3 26. Rd1 Re7 27. Rxa3
Rec7 28. Rxa7 Kg8 29. Ra8 Rxa8 30. Nd6 Rxa2 31. Nc4 Rca7 0-1

[Event "Transnational Crown"]
[Site "Montreal CAN"]
[Date "2023.06.07"]
[Round "2.16"]
[White "Song, Edward"]
[Black "Krishnan, Varun"]
[Result "1-0"]
[WhiteElo "2375"]
[BlackElo "2378"]
[PlyCount "113"]
[EventDate "2023.06.06"]
[EventType "swiss"]
[EventRounds "9"]
[EventCountry "CAN"]

1. e4 c5 2. Nf3 e6 3. d4 cxd4 4. Nxd4 Nf6 5. Bd3 Nc6 6. Nxc6 bxc6 7. Bf4 d5 8.
Nd2 Be7 9. O-O O-O 10. e5 Nd7 11. Re1 Nc5 12. Bf1 a5 13. Qg4 f5 14. exf6 Bxf6
15. Be5 Bxe5 16. Rxe5 Rb8 17. b3 Rb7 18. c4 a4 19. Qd4 Qf6 20. Nf3 Nd7 21. Ree1
Qe7 22. Qc3 Nf6 23. Bd3 Qd6 24. Qe5 Qc5 25. Bc2 Ra7 26. h3 Re7 27. Qd4 Qa5 28.
c5 Rb7 29. Ne5 Rb4 30. Qc3 Bd7 31. a3 Rb5 32. Qxa5 Rxa5 33. b4 Ra7 34. Nxd7
Nxd7 35. Rxe6 Rf6 36. Rae1 Nf8 37. Re7 Rf7 38. Rxa7 Rxa7 39. Re8 Kf7 40. Rc8
Ne6 41. Bd3 Nd4 42. f4 Re7 43. Kf2 h6 44. Ra8 Nb3 45. Rxa4 Nc1 46. Bf1 Na2 47.
Ra6 Nc3 48. Rxc6 Nd1+ 49. Kg3 Re3+ 50. Kh2 h5 51. Rd6 Re1 52. Rxd5 Rxf1 53. c6
Nf2 54. c7 h4 55. g3 hxg3+ 56. Kg2 Rc1 57. Rc5 1-0

[Event "Transnational Crown"]
[Site "Montreal CAN"]
[Date "2023.06.07"]
[Round "2.18"]
[White "Wang, Tianqi"]
[Black "Kantane, Anna"]
[Result "1/2-1/2"]
[WhiteElo "2361"]
[BlackElo "2260"]
[PlyCount "90"]
[EventDate "2023.06.06"]
[EventType "swiss"]
[EventRounds "9"]
[EventCountry "CAN"]

1. b3 e5 2. Bb2 Nc6 3. c4 Nf6 4. e3 d5 5. cxd5 Nxd5 6. a3 g6 7. b4 Bg7 8. Nf3
O-O 9. d3 Re8 10. Qc2 a5 11. bxa5 Nd4 12. exd4 exd4+ 13. Kd1 Bg4 14. Qc4 Nf6
15. Nbd2 Ra6 16. h3 Be6 17. Qc5 Rc6 18. Qg5 Qd6 19. g3 Nd5 20. Nc4 Nc3+ 21. Kc2
Rxc4 22. dxc4 Qc6 23. Re1 Qxf3 24. Bd3 Qxf2+ 25. Qd2 Qxg3 26. Qh2 Qg5 27. Qxc7
Qg2+ 28. Kb3 Qf3 29. Rxe6 fxe6 30. Rf1 Qc6 31. Qxc6 bxc6 32. Bxc3 dxc3 33. Be4
Ra8 34. Ka4 Ra6 35. Rd1 c2 36. Bxc2 Bc3 37. Rd6 Bxa5 38. Kb3 Rb6+ 39. Ka4 Ra6
40. Rxe6 Bb4+ 41. Kb3 Bxa3 42. Be4 Kf7 43. Bd5 Kf8 44. Bxc6 Bc5 45. Bd7 Rxe6
1/2-1/2

[Event "Transnational Crown"]
[Site "Montreal CAN"]
[Date "2023.06.07"]
[Round "2.20"]
[White "Tanaka, Tyler"]
[Black "Lawson, Eric"]
[Result "1-0"]
[WhiteElo "2315"]
[BlackElo "2217"]
[PlyCount "121"]
[EventDate "2023.06.06"]
[EventType "swiss"]
[EventRounds "9"]
[EventCountry "CAN"]

1. d4 d5 2. c4 c6 3. Nf3 Nf6 4. Nc3 e6 5. Bg5 dxc4 6. e4 b5 7. e5 h6 8. Bh4 g5
9. Nxg5 hxg5 10. Bxg5 Nbd7 11. exf6 Bb7 12. h4 Qb6 13. Qc2 c5 14. d5 exd5 15.
O-O-O d4 16. Nxb5 Qxb5 17. Bxc4 Qc6 18. Rhe1+ Kd8 19. Bxf7 Bd6 20. Bb3 Kc7 21.
Re6 Rae8 22. Ba4 Rxe6 23. Bxc6 Bxc6 24. Qf5 Rxf6 25. Bxf6 Rf8 26. f3 Rxf6 27.
Qd3 Bg3 28. Qa3 Bxh4 29. Qxa7+ Bb7 30. Qa5+ Kd6 31. b4 Bg5+ 32. Kb1 Be3 33.
bxc5+ Nxc5 34. Qb4 Kd5 35. Rh1 Bc8 36. g4 Rc6 37. Rh5+ Kd6 38. Qb8+ Kd7 39. Qb5
Ba6 40. Rh7+ Kd6 41. Qb8+ Kd5 42. Qg8+ Ne6 43. Rh5+ Kc4 44. Re5 Rb6+ 45. Ka1
Bd2 46. a4 Bc3+ 47. Ka2 Kb4 48. a5 Bc4+ 49. Kb1 Rc6 50. Qe8 Ra6 51. Qc8 Rd6 52.
Qb8+ Ka4 53. Qxd6 Bd3+ 54. Kc1 Nf4 55. a6 Bc4 56. Qc6+ Kb4 57. Qb6+ Ka3 58.
Ra5+ Bxa5 59. Qxa5+ Kb3 60. Qb6+ Kc3 61. Qb2+ 1-0

[Event "Transnational Crown"]
[Site "Montreal CAN"]
[Date "2023.06.07"]
[Round "2.23"]
[White "Zheng, Richard"]
[Black "Andersen, Gunnar"]
[Result "1-0"]
[WhiteElo "2192"]
[BlackElo "2283"]
[PlyCount "137"]
[EventDate "2023.06.06"]
[EventType "swiss"]
[EventRounds "9"]
[EventCountry "CAN"]

1. d4 Nf6 2. Bg5 d5 3. e3 c5 4. Bxf6 gxf6 5. dxc5 e6 6. c4 dxc4 7. Qa4+ Nd7 8.
Bxc4 Bxc5 9. Nc3 O-O 10. Qc2 Ne5 11. Be2 b6 12. Nf3 Bb7 13. Rd1 Qc7 14. O-O Bd6
15. Kh1 Kh8 16. Qa4 a6 17. Qf4 Be7 18. Rc1 Qb8 19. Rfd1 Rg8 20. Ne1 Rg6 21. f3
b5 22. a3 f5 23. Rc2 Bf6 24. a4 b4 25. Nb1 Bd5 26. Rxd5 exd5 27. Qxf5 Qb6 28.
f4 b3 29. Rd2 Nc4 30. Bxc4 dxc4 31. Qe4 Rc8 32. Nf3 Qc6 33. Qf5 Rcg8 34. e4 Qe6
35. Qxe6 fxe6 36. g3 R6g7 37. e5 Be7 38. Rd4 Rc8 39. Nfd2 Bb4 40. Ne4 Rgc7 41.
Kg2 h6 42. Kf3 a5 43. g4 Rf8 44. h3 Kg7 45. Nbc3 Rcf7 46. Ne2 Rc7 47. N2c3 Rff7
48. Nb5 Rc6 49. h4 Rb7 50. f5 Rf7 51. f6+ Kh7 52. h5 Rb7 53. Kf4 c3 54. bxc3 b2
55. Rd1 Bf8 56. Rb1 Rc4 57. Rxb2 Rxa4 58. Ke3 Ra1 59. g5 a4 60. g6+ Kg8 61. g7
Ba3 62. Rg2 Bc1+ 63. Kd3 Bg5 64. Nbd6 Rd1+ 65. Kc4 Rc7+ 66. Kb4 Rb1+ 67. Ka3
Rb3+ 68. Ka2 Rb8 69. Nxg5 1-0

[Event "Transnational Crown"]
[Site "Montreal CAN"]
[Date "2023.06.07"]
[Round "2.24"]
[White "Xu, Daniel"]
[Black "Dukic, Zachary"]
[Result "0-1"]
[WhiteElo "2276"]
[BlackElo "2151"]
[PlyCount "150"]
[EventDate "2023.06.06"]
[EventType "swiss"]
[EventRounds "9"]
[EventCountry "CAN"]

1. e4 e5 2. Nf3 Nc6 3. Bb5 a6 4. Ba4 Nf6 5. O-O Be7 6. Re1 b5 7. Bb3 O-O 8. d3
d6 9. a4 Bb7 10. Nbd2 Nd7 11. c3 Nc5 12. axb5 axb5 13. Rxa8 Qxa8 14. Bc2 b4 15.
d4 bxc3 16. bxc3 Nd7 17. Nc4 Bf6 18. Bg5 exd4 19. Bxf6 d3 20. Qxd3 Nxf6 21. Ne3
Ne7 22. e5 dxe5 23. Nxe5 Be4 24. Qc4 Bxc2 25. Nxc2 Ned5 26. Nd4 Qa5 27. Rc1 Qa3
28. Nd3 Re8 29. h3 Re4 30. Rb1 h5 31. Nc5 Re8 32. Nb5 Qa8 33. Qd4 Qa2 34. Rd1
c6 35. Nd6 Re2 36. Nf5 Qc2 37. Ng3 Rxf2 38. Qxf2 Qxd1+ 39. Kh2 Nxc3 40. Qe3
Ncd5 41. Qg5 g6 42. Qe5 Qd2 43. Qd6 h4 44. Nge4 Nxe4 45. Nxe4 Qf4+ 46. Qxf4
Nxf4 47. g3 hxg3+ 48. Kxg3 Ne6 49. Kf3 f5 50. Nd6 Kg7 51. h4 Kf6 52. Nc4 Nd4+
53. Ke3 c5 54. Nd6 Ne6 55. Nc4 Kg7 56. Kf3 Kh6 57. Ne5 Kh5 58. Kg3 f4+ 59. Kf3
Kxh4 60. Nxg6+ Kg5 61. Ne5 Kf5 62. Nc4 Nd4+ 63. Kf2 Ke4 64. Nb2 Nf5 65. Nc4 Ne3
66. Nd6+ Kd5 67. Nb5 c4 68. Kf3 Ke5 69. Nc3 Nd5 70. Ne2 c3 71. Nc1 Kd4 72. Ke2
Ke4 73. Kf2 Nb4 74. Ke2 f3+ 75. Kd1 Ke3 0-1

[Event "Transnational Crown"]
[Site "Montreal CAN"]
[Date "2023.06.07"]
[Round "2.25"]
[White "Demchenko, Svitlana"]
[Black "Hua, Eugene"]
[Result "0-1"]
[WhiteElo "2173"]
[BlackElo "2275"]
[PlyCount "74"]
[EventDate "2023.06.06"]
[EventType "swiss"]
[EventRounds "9"]
[EventCountry "CAN"]

1. d4 Nf6 2. c4 e6 3. Nc3 Bb4 4. e3 c6 5. Bd3 d5 6. Nge2 Nbd7 7. cxd5 cxd5 8.
O-O O-O 9. Qb3 Bd6 10. f3 a6 11. e4 dxe4 12. fxe4 e5 13. Nd5 exd4 14. Bf4 Nc5
15. Qc2 Nxd5 16. exd5 Nxd3 17. Qxd3 Bc5 18. Qc4 Ba7 19. Kh1 b5 20. Qb3 Bb7 21.
d6 Qh4 22. Qd3 Rae8 23. Ng3 Qg4 24. Kg1 Re2 25. Qxe2 d3+ 26. Qf2 Bxf2+ 27. Rxf2
h5 28. Re1 h4 29. h3 Qc8 30. Nf1 Re8 31. Ne3 Qc6 32. Rd1 Qe4 33. Rdd2 Bc6 34.
Ng4 Qd4 35. Kf1 Qc4 36. Rd1 d2+ 37. Kg1 Re1+ 0-1

[Event "Transnational Crown"]
[Site "Montreal CAN"]
[Date "2023.06.07"]
[Round "2.26"]
[White "Johnson, Donald"]
[Black "Vidyarthi, Omya"]
[Result "1-0"]
[WhiteElo "2160"]
[BlackElo "2081"]
[PlyCount "205"]
[EventDate "2023.06.06"]
[EventType "swiss"]
[EventRounds "9"]
[EventCountry "CAN"]

1. e4 e5 2. Nf3 Nc6 3. Bb5 a6 4. Ba4 Nf6 5. O-O Be7 6. Re1 b5 7. Bb3 d6 8. c3
O-O 9. h3 Nb8 10. d4 Nbd7 11. Nbd2 Bb7 12. Bc2 Re8 13. Nf1 Bf8 14. Ng3 g6 15.
a4 c5 16. d5 c4 17. Bg5 Qc7 18. Qd2 Reb8 19. Rf1 Bg7 20. Nh2 Bc8 21. Kh1 bxa4
22. Ra2 Nc5 23. f4 exf4 24. Qxf4 Ne8 25. Nf3 Ra7 26. Bh6 Bh8 27. Nd4 Rab7 28.
Bxa4 Nxa4 29. Rxa4 Be5 30. Qf3 Rxb2 31. Rxc4 Qd7 32. Nc6 R8b7 33. Nxe5 dxe5 34.
Rc6 R2b6 35. Rxb6 Rxb6 36. c4 Rf6 37. Qc3 Rxf1+ 38. Nxf1 Qc7 39. c5 f6 40. Ne3
a5 41. d6 Qa7 42. Nd5 Kf7 43. Qb3 a4 44. Qb6 Qxb6 45. Nxb6 a3 46. Bc1 a2 47.
Bb2 Bb7 48. d7 Ke7 49. dxe8=N Kxe8 50. Nd5 Kf7 51. Kg1 Ke6 52. Nc3 Kd7 53. Kf2
Kc6 54. Nd5 f5 55. Nb4+ Kxc5 56. Nxa2 Bxe4 57. Bxe5 Kd5 58. Bg7 Ke6 59. h4 Kf7
60. Bh6 Kf6 61. g3 Bb7 62. Ke3 Ke6 63. Nb4 Ke5 64. Nd3+ Kf6 65. Kd4 Ba8 66. Nf4
Bf3 67. Bg5+ Kg7 68. Ne6+ Kf7 69. Ke5 Bd1 70. Bh6 Bc2 71. Ng5+ Ke7 72. Nxh7 Bb1
73. Kf4 Ke6 74. Kg5 Ke5 75. Bf8 Ke6 76. Bb4 Kf7 77. Bc3 Bc2 78. Be5 Ke6 79. Bf4
Kf7 80. Nf6 Ba4 81. Nd5 Bb3 82. Nb4 Ba4 83. Nd3 Kg7 84. Ne5 Be8 85. Bc1 Kh7 86.
Kf6 Ba4 87. Nxg6 Bd1 88. Ne7 Bc2 89. Nxf5 Bd1 90. Ne3 Be2 91. g4 Kh6 92. Nf5+
Kh7 93. g5 Bh5 94. Ne7 Be8 95. g6+ Bxg6 96. Nxg6 Kg8 97. h5 Kh7 98. Bd2 Kg8 99.
Bh6 Kh7 100. Bg7 Kg8 101. h6 Kh7 102. Nf8+ Kg8 103. h7# 1-0

[Event "Transnational Crown"]
[Site "Montreal CAN"]
[Date "2023.06.08"]
[Round "3.1"]
[White "Szabo, Gergely-Andras-Gyul"]
[Black "Bartel, Mateusz"]
[Result "1/2-1/2"]
[WhiteElo "2504"]
[BlackElo "2609"]
[PlyCount "56"]
[EventDate "2023.06.06"]
[EventType "swiss"]
[EventRounds "9"]
[EventCountry "CAN"]

1. e4 c6 2. d4 d5 3. e5 Bf5 4. h4 a6 5. h5 c5 6. g4 Bd7 7. dxc5 Nc6 8. f4 e6 9.
Be3 f6 10. Nf3 Nh6 11. Bh3 fxe5 12. fxe5 Nf7 13. Nbd2 Qc7 14. Qe2 d4 15. Nxd4
Nxd4 16. Bxd4 Bxc5 17. Bxc5 Qxc5 18. O-O-O Bb5 19. Qh2 Rc8 20. Nb3 Qe3+ 21. Qd2
Qxd2+ 22. Rxd2 Bc6 23. Bg2 Bxg2 24. Rxg2 Nxe5 25. Re2 Nd3+ 26. Kb1 Nf4 27. Re4
O-O 28. a3 h6 1/2-1/2

[Event "Transnational Crown"]
[Site "Montreal CAN"]
[Date "2023.06.08"]
[Round "3.3"]
[White "Heimann, Mark"]
[Black "Liang, Awonder"]
[Result "0-1"]
[WhiteElo "2426"]
[BlackElo "2651"]
[PlyCount "76"]
[EventDate "2023.06.06"]
[EventType "swiss"]
[EventRounds "9"]
[EventCountry "CAN"]

1. d4 Nf6 2. c4 e6 3. Nf3 d5 4. Nc3 dxc4 5. e4 b5 6. e5 Nd5 7. Nxb5 Nb6 8. Nc3
Nc6 9. Bg5 Qd7 10. Be2 h6 11. Be3 Bb7 12. O-O Be7 13. Qb1 Nb4 14. Ne4 Nd3 15.
Ned2 Nd5 16. Nxc4 N3f4 17. Bd1 Qb5 18. Qc2 O-O 19. Qa4 Ba6 20. Nfd2 Bb4 21.
Qxb5 Bxb5 22. b3 Nxe3 23. fxe3 Nd5 24. Rf3 c5 25. Ne4 cxd4 26. exd4 Bc6 27. Rg3
Be1 28. Rd3 Rad8 29. Ncd6 Nf4 30. Rf3 g5 31. Re3 Bb4 32. g3 f5 33. gxf4 gxf4
34. Rh3 fxe4 35. Rxh6 f3 36. Bc2 f2+ 37. Kf1 Rxd6 38. exd6 Bb5+ 0-1

[Event "Transnational Crown"]
[Site "Montreal CAN"]
[Date "2023.06.08"]
[Round "3.4"]
[White "Bruzon Batista, Lazaro"]
[Black "Woodward, Andy"]
[Result "1/2-1/2"]
[WhiteElo "2617"]
[BlackElo "2466"]
[PlyCount "40"]
[EventDate "2023.06.06"]
[EventType "swiss"]
[EventRounds "9"]
[EventCountry "CAN"]

1. e4 c5 2. Nf3 d6 3. d4 cxd4 4. Nxd4 Nf6 5. Nc3 a6 6. Be3 e5 7. Nf3 Qc7 8. Be2
Be7 9. a4 O-O 10. O-O b6 11. Bg5 Nbd7 12. Nd2 Bb7 13. Bc4 h6 14. Bh4 Nxe4 15.
Bxe7 Nxd2 16. Qxd2 Qxc4 17. Qxd6 Rfc8 18. Qxd7 Rc7 19. Qd6 Bxg2 20. Kxg2 Qg4+
1/2-1/2

[Event "Transnational Crown"]
[Site "Montreal CAN"]
[Date "2023.06.08"]
[Round "3.5"]
[White "Korley, Kassa"]
[Black "Meshkovs, Nikita"]
[Result "1/2-1/2"]
[WhiteElo "2461"]
[BlackElo "2573"]
[PlyCount "73"]
[EventDate "2023.06.06"]
[EventType "swiss"]
[EventRounds "9"]
[EventCountry "CAN"]

1. Nf3 Nf6 2. g3 b5 3. Bg2 Bb7 4. O-O e6 5. d3 d6 6. c4 bxc4 7. Qa4+ Nbd7 8.
Qxc4 Be7 9. b3 O-O 10. Bb2 c5 11. Qc2 a5 12. Nc3 Qb8 13. Rac1 Nb6 14. e4 Rc8
15. a4 Nbd7 16. Rfe1 Ba6 17. d4 Qb6 18. d5 exd5 19. exd5 Re8 20. Nd2 Rab8 21.
Ba1 Ne5 22. Nb5 Bxb5 23. Bxe5 dxe5 24. axb5 Bf8 25. Nc4 Qxb5 26. Rxe5 Rxe5 27.
Nxe5 Qxb3 28. Qxb3 Rxb3 29. Ra1 g6 30. Bf1 Rb7 31. Rxa5 Nxd5 32. Bc4 Nb6 33.
Ba2 Rc7 34. Ra6 Nc8 35. Nxf7 Rxf7 36. Rc6 Nd6 37. Rxc5 1/2-1/2

[Event "Transnational Crown"]
[Site "Montreal CAN"]
[Date "2023.06.08"]
[Round "3.7"]
[White "Matviishen, Viktor"]
[Black "Posthuma, Joshua"]
[Result "1-0"]
[WhiteElo "2538"]
[BlackElo "2457"]
[PlyCount "55"]
[EventDate "2023.06.06"]
[EventType "swiss"]
[EventRounds "9"]
[EventCountry "CAN"]

1. e4 c5 2. Nf3 Nc6 3. Bb5 e5 4. O-O Bd6 5. c3 a6 6. Ba4 b5 7. Bc2 Nge7 8. d3
O-O 9. a4 Rb8 10. Be3 Ng6 11. axb5 axb5 12. Bb3 Na5 13. Ba2 b4 14. Nbd2 Ba6 15.
Ng5 Be7 16. Qh5 Bxg5 17. Bxg5 Qb6 18. Bd5 bxc3 19. bxc3 Bxd3 20. Rfe1 c4 21.
Be3 Qc7 22. Nf3 Ne7 23. Qxe5 d6 24. Bxf7+ Rxf7 25. Qxa5 Qxa5 26. Rxa5 Bxe4 27.
Ng5 Rf5 28. Ra7 1-0

[Event "Transnational Crown"]
[Site "Montreal CAN"]
[Date "2023.06.08"]
[Round "3.8"]
[White "Rodrigue-Lemieux, Shawn"]
[Black "Cruz, Cristhian"]
[Result "1-0"]
[WhiteElo "2469"]
[BlackElo "2522"]
[PlyCount "69"]
[EventDate "2023.06.06"]
[EventType "swiss"]
[EventRounds "9"]
[EventCountry "CAN"]

1. e4 c5 2. Nf3 Nc6 3. Bb5 d6 4. O-O Bd7 5. Re1 Nf6 6. c3 a6 7. Bf1 Bg4 8. d4
Bxf3 9. gxf3 cxd4 10. cxd4 e5 11. d5 Nd4 12. Be3 Be7 13. f4 O-O 14. fxe5 dxe5
15. f4 Nb5 16. a4 Na7 17. fxe5 Nd7 18. Bd4 Bb4 19. Re2 Re8 20. e6 fxe6 21. Qb3
a5 22. Rg2 e5 23. Be3 Bc5 24. Bxc5 Nxc5 25. Qe3 b6 26. Nd2 Nc8 27. Bb5 Re7 28.
Bc6 Raa7 29. Qg5 Nd6 30. Rf1 Qc7 31. Rgf2 Nf7 32. d6 Qxd6 33. Bd5 h6 34. Qh5
Ne6 35. Qg6 1-0

[Event "Transnational Crown"]
[Site "Montreal CAN"]
[Date "2023.06.08"]
[Round "3.9"]
[White "Almeida Quintana, Omar"]
[Black "Song, Edward"]
[Result "1-0"]
[WhiteElo "2520"]
[BlackElo "2375"]
[PlyCount "109"]
[EventDate "2023.06.06"]
[EventType "swiss"]
[EventRounds "9"]
[EventCountry "CAN"]

1. d4 d5 2. c4 dxc4 3. Nf3 Nf6 4. e3 e6 5. Bxc4 a6 6. O-O c5 7. b3 Nbd7 8. Bb2
Be7 9. Nbd2 O-O 10. Be2 b6 11. Ne5 Bb7 12. Bf3 Nd5 13. Ndc4 N7f6 14. e4 Nb4 15.
a3 Nc6 16. dxc5 bxc5 17. Nxc6 Bxc6 18. Qc2 a5 19. a4 Qc7 20. Bc3 Rfd8 21. Rad1
Nd7 22. Rd2 Bf6 23. e5 Bg5 24. Bxc6 Bxd2 25. Bxa8 Bxc3 26. Qxc3 Rxa8 27. Rc1 h6
28. g3 Ra6 29. Rd1 Nb6 30. Nxb6 Rxb6 31. Qxa5 Qb7 32. Qxc5 Rxb3 33. h4 h5 34.
a5 Rb5 35. Qd6 Rb2 36. Qd8+ Kh7 37. Qd3+ g6 38. a6 Qa7 39. Qf3 Rb8 40. Qf6 Rf8
41. Rd6 Kg8 42. g4 hxg4 43. h5 g3 44. hxg6 gxf2+ 45. Qxf2 Qc7 46. a7 Qc1+ 47.
Kg2 Qa1 48. gxf7+ Kg7 49. Rd7 Qa4 50. Qg3+ Kh7 51. Qd3+ Kg7 52. Rd4 Qa2+ 53.
Qd2 Qxa7 54. Qg5+ Kxf7 55. Qf6+ 1-0

[Event "Transnational Crown"]
[Site "Montreal CAN"]
[Date "2023.06.08"]
[Round "3.11"]
[White "Bosiocic, Marin"]
[Black "Lee, Alice"]
[Result "1/2-1/2"]
[WhiteElo "2573"]
[BlackElo "2390"]
[PlyCount "88"]
[EventDate "2023.06.06"]
[EventType "swiss"]
[EventRounds "9"]
[EventCountry "CAN"]

1. c4 c6 2. Nf3 d5 3. g3 Nf6 4. Bg2 dxc4 5. O-O Nbd7 6. Qc2 Nb6 7. Na3 Be6 8.
Ne5 h5 9. Naxc4 Nxc4 10. Nxc4 h4 11. Ne5 hxg3 12. hxg3 Qd4 13. Qc3 Qxc3 14.
bxc3 Nd7 15. Nxd7 Kxd7 16. Re1 Bh3 17. Bf3 e5 18. d3 Bd6 19. Be3 Be6 20. Reb1
Kc7 21. c4 b6 22. Rb2 f5 23. Rab1 f4 24. gxf4 exf4 25. Bd4 Bh3 26. c5 Bxc5 27.
Bxc5 bxc5 28. Rb7+ Kd6 29. Rxg7 Rhg8 30. Rbb7 Rxg7+ 31. Rxg7 Be6 32. Kf1 Bxa2
33. Rg6+ Be6 34. Bg4 Re8 35. Ke1 a5 36. Kd2 a4 37. Bxe6 Rxe6 38. Rg4 c4 39.
dxc4 Kc5 40. Rxf4 a3 41. Rf8 Kxc4 42. Ra8 Kb3 43. Rb8+ Kc4 44. Ra8 Kb3 1/2-1/2

[Event "Transnational Crown"]
[Site "Montreal CAN"]
[Date "2023.06.08"]
[Round "3.13"]
[White "Kantans, Toms"]
[Black "Zheng, Richard"]
[Result "1/2-1/2"]
[WhiteElo "2486"]
[BlackElo "2192"]
[PlyCount "108"]
[EventDate "2023.06.06"]
[EventType "swiss"]
[EventRounds "9"]
[EventCountry "CAN"]

1. e4 c6 2. d4 d5 3. e5 Bf5 4. Nd2 e6 5. Nb3 Nd7 6. Be3 a6 7. Nf3 Rc8 8. Be2 c5
9. dxc5 Bxc5 10. Nxc5 Nxc5 11. Nd4 Ne7 12. a4 Qc7 13. f4 Be4 14. O-O Nf5 15.
Bf2 O-O 16. a5 f6 17. exf6 Rxf6 18. Ra3 Nd7 19. Rc3 Qb8 20. Rxc8+ Qxc8 21. Qd2
e5 22. Nxf5 Rxf5 23. c4 Nf6 24. fxe5 Rxe5 25. Bd4 Rf5 26. c5 Rxf1+ 27. Bxf1 Ne8
28. Qg5 Qd7 29. Be2 Bf5 30. b4 h6 31. Qf4 Qe6 32. Bf1 g5 33. Qf2 Nc7 34. h4 Qe4
35. hxg5 hxg5 36. Be3 Ne6 37. c6 bxc6 38. Bxa6 Qxb4 39. Bf1 Qb1 40. Kh2 d4 41.
Bd2 Bd3 42. Qf6 Qxf1 43. Qxe6+ Qf7 44. Qxc6 Qh5+ 45. Kg3 Qh4+ 46. Kf3 g4+ 47.
Kf4 Qf2+ 48. Ke5 Qxd2 49. Qe8+ Kg7 50. Qe7+ Kg8 51. Qe6+ Kf8 52. Qc8+ Kf7 53.
Qe6+ Kf8 54. Qc8+ Kf7 1/2-1/2

[Event "Transnational Crown"]
[Site "Montreal CAN"]
[Date "2023.06.08"]
[Round "3.14"]
[White "Sambuev, Bator"]
[Black "Cervantes Landeiro, Thalia"]
[Result "1-0"]
[WhiteElo "2448"]
[BlackElo "2271"]
[PlyCount "83"]
[EventDate "2023.06.06"]
[EventType "swiss"]
[EventRounds "9"]
[EventCountry "CAN"]

1. d4 d5 2. c4 dxc4 3. e4 b5 4. a4 c6 5. axb5 cxb5 6. Nc3 Qb6 7. Be3 e6 8. d5
Bc5 9. Bxc5 Qxc5 10. Nf3 Nf6 11. Qd4 Qb4 12. Be2 O-O 13. O-O exd5 14. Nxd5 Qd6
15. e5 Qxd5 16. exf6 Qxd4 17. Nxd4 a6 18. Nxb5 Nc6 19. fxg7 Kxg7 20. Nd6 Rb8
21. Bxc4 Rxb2 22. Bxf7 Rxf7 23. Nxc8 a5 24. Nd6 Ra7 25. Ra4 Rd7 26. Rg4+ Kf8
27. Rf4+ Ke7 28. Nf5+ Kd8 29. Rc4 Nb4 30. Nd4 Rd6 31. g3 a4 32. Ra1 Ra6 33. Nb5
Nc2 34. Rd1+ Ke7 35. Nc7 Ra5 36. Re4+ Kf7 37. Rd7+ Kg6 38. Re6+ Kf5 39. Rf7+
Kg5 40. h3 h6 41. Ne8 Rb1+ 42. Kh2 1-0